Don Felipe Clemente de Diego, en la ciencia y la aplicación del derecho / (Record no. 17645)

MARC details
000 -LEADER
campo de control de longitud fija 01156nam a2200301 i 4500
001 - NÚMERO DE CONTROL
campo de control 17645
003 - IDENTIFICADOR DE NÚMERO DE CONTROL
campo de control ES-MaACL
005 - FECHA Y HORA DE LA ÚLTIMA TRANSACCIÓN
campo de control 20231215063506.0
007 - CAMPO FIJO DE DESCRIPCIÓN FÍSICA--INFORMACIÓN GENERAL
campo de control de longitud fija t|
008 - DATOS DE LONGITUD FIJA--INFORMACIÓN GENERAL
campo de control de longitud fija 010418s2000 sp ||||1| spa d
020 ## - NÚMERO INTERNACIONAL ESTÁNDAR DEL LIBRO
Número Internacional Estándar del Libro 84-95240-22-X
040 ## - FUENTE DE CATALOGACIÓN
Centro/agencia transcriptor ES-MaACL
080 ## - NÚMERO DE LA CLASIFICACIÓN DECIMAL UNIVERSAL
Número de la Clasificación Decimal Universal 34 Clemente de Diego, Felipe
080 ## - NÚMERO DE LA CLASIFICACIÓN DECIMAL UNIVERSAL
Número de la Clasificación Decimal Universal 347.2(460)
100 0# - ENTRADA PRINCIPAL--NOMBRE DE PERSONA
Nombre de persona Espín, Diego
9 (RLIN) 47824
Término indicativo de función/relación Autor
245 10 - MENCIÓN DEL TÍTULO
Título Don Felipe Clemente de Diego, en la ciencia y la aplicación del derecho /
Mención de responsabilidad, etc. Diego Espín Cánovas.
260 ## - PUBLICACIÓN, DISTRIBUCIÓN, ETC.
Lugar de publicación, distribución, etc. [Madrid] :
Nombre del editor, distribuidor, etc. Colegio de Registradores de la Propiedad y Mercantiles de España,
Fecha de publicación, distribución, etc. [2000]
300 ## - DESCRIPCIÓN FÍSICA
Extensión 358 p. :
Otras características físicas retr. ;
Dimensiones 21 cm.
500 ## - NOTA GENERAL
Nota general En port.: Seminario Jerónimo González. Centro de Estudios Registrales.
600 14 - PUNTO DE ACCESO ADICIONAL DE MATERIA--NOMBRE DE PERSONA
Nombre de persona Diego y Gutiérrez, Felipe Clemente de,
Fechas asociadas al nombre 1866-1945
9 (RLIN) 234641
650 14 - PUNTO DE ACCESO ADICIONAL DE MATERIA--TÉRMINO DE MATERIA
Término de materia o nombre geográfico como elemento de entrada Derechos reales-
Subdivisión geográfica España.
9 (RLIN) 11782
700 1# - ENTRADA AGREGADA--NOMBRE PERSONAL
Nombre de persona Diego y Gutiérrez, Felipe Clemente de,
Fechas asociadas al nombre 1866-1945
Término indicativo de función/relación Autor
9 (RLIN) 234641
710 2# - ENTRADA AGREGADA--NOMBRE DE ENTIDAD CORPORATIVA
Nombre de entidad corporativa o nombre de jurisdicción como elemento de entrada Colegio de Registradores de la Propiedad y Mercantiles de España.
9 (RLIN) 2938
852 ## - LOCALIZACIÓN
Ubicación ES-MaACL
Número de control de estantería L-24454
942 ## - ELEMENTOS DE ENTRADA SECUNDARIOS (KOHA)
Tipo de ítem Koha Libro impreso
Suprimir en OPAC No
Holdings
Estatus retirado Estado de pérdida Estado de daño No para préstamo Biblioteca de origen Biblioteca actual Ubicación en estantería Fecha de adquisición Fuente de adquisición Total de préstamos Signatura topográfica completa Código de barras Visto por última vez Precio de reemplazo Tipo de ítem Koha
        Biblioteca del Ateneo de Madrid Biblioteca del Ateneo de Madrid Depósito 2 17/01/2008     L-24454 1018000 23/02/2023 23/02/2023 Libro impreso